000 00599nam a2200205 i 4500
001 bg
100 1 _aChodań, Jerzy.
245 1 0 _aZarys gleboznawstwa i chemii rolnej :
_bpodręcznik dla studentów wydziałów zootechnicznych /
_cJ. Chodań, W. Grzesiuk, Z. Mirowski.
250 _aWyd. 2.
260 _aWarszawa,
_c1985.
650 9 _aGleboznawstwo
655 _aPodręczniki akademickie
700 1 _aGrzesiuk, Waleria.
700 1 _aMirowski, Zygmunt.
040 _cBPK
041 _apol
080 _a631.4+631::54](075.8)
942 _cKS
008 s pl f |000 0 pol
999 _c2712
_d2712
856 _uhttp://koha.tu.koszalin.pl/cgi-bin/koha/opac-detail.pl?biblionumber=2712
_yKatalog online BPK